Podnikateľské riziko a jeho riadenie v podmienkach neistoty

Príspevok sa zameriava na riešenie rozhodovacích situácií v podmienkach neistoty. Pravidlá rozhodovania v podmienkach neistoty. Rozhodovanie v situáciách s neznámymi dôsledkami. Nekonvenčné rozhodovacie teórie. Ellsbergov index a Leviho lexikografický test.

Saved in:
Bibliographic Details
Main Author: Hutera, Milan
Format: Book Chapter
Language:Slovak
Subjects:
Tags: Add Tag
No Tags, Be the first to tag this record!

MARC

LEADER 00000nla$a2200000$$$4500
001 0145084
005 20240502072615.5
041 0 |a slo 
044 |a SK 
245 1 0 |a Podnikateľské riziko a jeho riadenie v podmienkach neistoty  |c Milan Hutera 
520 |a Príspevok sa zameriava na riešenie rozhodovacích situácií v podmienkach neistoty. Pravidlá rozhodovania v podmienkach neistoty. Rozhodovanie v situáciách s neznámymi dôsledkami. Nekonvenčné rozhodovacie teórie. Ellsbergov index a Leviho lexikografický test. 
610 2 0 |a rozhodovanie 
610 2 0 |a rozhodovanie za neurčitosti 
610 2 0 |a teória rozhodovania 
100 1 |a Hutera, Milan